Normal view
MARC view
- Herrera, Coral
Entry Nombre Personal
001 - NUMERO DE CONTROL
- campo de control: 47982
003 - IDENTIFICADOR DE NUMERO DE CONTROL
- campo de control: UPN
005 - FECHA Y HORA DE LA ÜLTIMA TRANSACCIÓN
- campo de control: 20230303163737.0
008 - DATOS DE LONGITUD FIJA
- campo de control de longitud fija: 230227nn acnnnaabn n a|a d
040 ## - FUENTE DE CATALOGACIÓN
- Agencia original de catalogación: MX-MxUPN
- Lenguaje de catalogación: SPA
100 1# - ENCABEZAMIENTO - NOMBRE PERSONAL
- Nombre personal: Herrera, Coral
373 ## - GRUPO ASOCIADO
- Associated group: Universidad Estatal a Distancia (Costa Rica)
400 ## - VEÁSE - NOMBRE DE PERSONA
- Personal name: Herrera Gómez, Coral,
- Dates associated with a name: 1977-
400 1# - VEÁSE - NOMBRE DE PERSONA
- Personal name: Gómez, Coral Herrera,
- Dates associated with a name: 1977-
670 ## - FUENTE EN LA QUE SE LOCALIZARON DATOS
- Cita de la fuente: Mujeres que ya no sufren por amor, 2022:
- Información localizada: portada (Coral Herrera) contraportada (Doctora en Humanidades y Comunicación Visual, experta en teoría de género; actualmente trabaja en UNED Costa Rica)
670 ## - FUENTE EN LA QUE SE LOCALIZARON DATOS
- Cita de la fuente: LIBRUNAM, 03 marzo 2023:
- Información localizada: (Herrera Gómez, Coral, 1977-)
902 ## - CATALOGADOR
- Catalogador: VíctorGodínez/270223
